000
00264 a2200109 4500
001
50735
040
_c
Anchieta - Pituba
240
1
0
_a
Phonothek Intensiv
_l
245
1
0
_a
Phonothek Intensiv
650
4
_a
Línguas germânicas (teutônicas) língua alemã
942
_c
MU
999
_c
50735
_d
50735